| 000 | 00495nam a2200169Ia 4500 | ||
|---|---|---|---|
| 005 | 20250923144424.0 | ||
| 008 | 008 250917s9999 xx 000 0 eng d | ||
| 037 | _aReference | ||
| 040 |
_aDSWL _beng _cDSWL |
||
| 041 |
_aeng _2eng |
||
| 084 |
_aX:75t2:N50, J3 _qDSWL |
||
| 245 | 0 |
_aFirst five-year plan peoples editions _cby Planning Commission |
|
| 260 |
_aDelhi _bPub.Division. _c1953 |
||
| 300 | _a267 p. | ||
| 942 |
_cREF _hX:75t2:N50, J3 |
||
| 999 |
_c1438650 _d1438650 |
||